000 00479nam a2200193Ia 4500
005 20240823010038.0
008 240823s9999||||xx |||||||||||||| ||und||
041 _aENGLISH
082 _A621.3 N7
100 _aBhattacharya S M
245 0 _aExperiments in Basic Electrical Engineering
250 _a1st
260 _c1997
_b"New Age,New Delhi"
500 _aTransfered
650 _aElectronics
_bElectronics
700 _a Rastogi K M
942 _cBK
999 _c157480
_d157480